| 000 | 00450nam a22001697a 4500 | ||
|---|---|---|---|
| 999 |
_c60582 _d60582 |
||
| 005 | 20230912123733.0 | ||
| 008 | 230912s1992 enk||||| |||| 00| 0 eng d | ||
| 020 | _a0714120812 | ||
| 041 | _aeng | ||
| 080 | _a902 G-77 | ||
| 100 |
_aGreene, Kevin _919804 |
||
| 245 |
_aRoman Pottery / _cKevin Greene. |
||
| 264 |
_aLondon, _c1992. |
||
| 300 |
_a64 p.: _bill.; _c24 cm. |
||
| 653 | _aრომაული კერამიკა | ||
| 942 |
_2udc _cBK |
||